000 nkm a22 c 4500
999 _c388358
_d388358
003 BLK
005 20200924115623.0
008 180409b bul|||||r ||||||| ||bul||
040 _aBLK
041 _aBUL
_cBUL
041 _aRUS
_cBUL
041 _aENG
_cBUL
041 _aDEU
_cBUL
041 _aFRE
_cBUL
080 _aКраезнание
_b908
_x(497.23-21)(084.12)
_z908(497.23-21)(084.12)
100 _9242488
_aЧирпанлиев, Стефан Димов
_eпърви автор
139 _aЧирпанлиев, Стефан Димов
_bЧ 84
245 1 0 _aСлавослов за Медвен
_cАвт.-състав. Стефан Димов Чирпанлиев; ред. Наталия Тодорова Стамболиева; прев. на рус. Наталия Дюлгерова; прев. на англ. Росица Сафирова; прев. на нем. Сирман Даракчиев; прев. на фр. Магдалена Мишева
_bАлбум
257 _aBGR
260 _bСептември
_c1981
_9210539
_aСофия
_n954-406-
300 _a1 албум (30 с.)
_bс ил.
_c22Х23 см
380 _a91
500 _aСъстав. посочени в библиогр. каре. - Парал. текст на рус., англ., нем., фр. ез. - 5 000 тир.
650 0 _aКраезнание - България
_9242494
651 7 _9179202
_aМедвен
653 0 _aснимкови албуми
_9401783
700 _aСтамболиева, Наталия Тодорова
_eред.
_9327830
700 _aДюлгерова, Наталия
_eпрев. на рус.
_91007
700 _aСафирова, Росица
_eпрев. на англ.
_9988
700 _aДаракчиев, Сирман
_eпрев. на нем.
_9999
700 _aМишева, Магдалена
_eпрев. на фр.
_91017
852 _aЦб 301727
_bЦб
942 _cKNG
_n0
_s1
944 _aCR
_c2020-09-24
_kС.Т.
999 _d388351